000 00509nam a22001577a 4500
003 NUST
082 _a200
100 _aRaja, Waqar Ali
_9112141
245 _aDevelopment of Chipless RFID Sensors for agriculture applications/
_cWaqar Ali Raja
264 _aIslamabad :
_bSEECS, NUST,
_c2023.
300 _a52 p. ;
_c30 cm.
650 _aMS-Electrical Engineering
_923567
700 _aSupervisor:Dr. Sajjad Hussain
_996913
856 _uhttp://10.250.8.41:8080/xmlui/handle/123456789/32579
942 _2ddc
_cSC
999 _c594664
_d594664